Estimación del tiempo adecuado de curado de la emulsión asfáltica CRS-1 para iniciar el proceso de pavimentación de sobrecapas asfálticas en Costa Rica
Gespeichert in:
| 1. Verfasser: | |
|---|---|
| Weitere Verfasser: | |
| Format: | Buch |
| Sprache: | Spanish |
| Veröffentlicht: |
[San José], Costa Rica
2021.
|
| Schlagworte: | |
| Online Zugang: | https://cedi.ucr.ac.cr/civil/estimacion-del-tiempo-adecuado-de-curado-de-la-emulsion-asfaltica-crs-1-para-iniciar-el-proceso-de-pavimentacion-de-sobrecapas-asfalticas-en-costa-rica/ |
| Tags: |
Tag hinzufügen
Keine Tags, Fügen Sie den ersten Tag hinzu!
|
MARC
| LEADER | 00000nam a2200000Ia 4500 | ||
|---|---|---|---|
| 003 | 013407 | ||
| 005 | 20230502150534.0 | ||
| 008 | 140114s2021 cr a 000 ||spa d | ||
| 040 | |c cru CEDI | ||
| 100 | |a Granados Azofeifa, Priscila, 1994- |9 155 | ||
| 245 | |a Estimación del tiempo adecuado de curado de la emulsión asfáltica CRS-1 para iniciar el proceso de pavimentación de sobrecapas asfálticas en Costa Rica | ||
| 260 | |a [San José], Costa Rica |c 2021. | ||
| 500 | |a Proyecto de graduación (licenciatura en ingeniería civil)--Universidad de Costa Rica. Facultad de Ingeniería. Escuela de Ingeniería civil | ||
| 501 | |a Director de proyecto de Graduación: Ing. Sergio Guerrero Aguilera | ||
| 650 | |x MEZCLAS DE EMULSION ASFALTICA - DISEÑO Y CONSTRUCCION |x MEZCLAS DE EMULSION ASFALTICA - ASPECTOS ECONOMICOS |x PAVIMENTOS DE ASFALTO - DISEÑO Y CONSTRUCCION |x PAVIMENTOS FLEXIBLES - DISEÑO Y CONSTRUCCION |x RESISTENCIA DE MATERIALES | ||
| 700 | |9 106 |a Guerrero Aguilera, Sergio Andrés, 1989 |d Director del TFG | ||
| 856 | |u https://cedi.ucr.ac.cr/civil/estimacion-del-tiempo-adecuado-de-curado-de-la-emulsion-asfaltica-crs-1-para-iniciar-el-proceso-de-pavimentacion-de-sobrecapas-asfalticas-en-costa-rica/ |y https://cedi.ucr.ac.cr/civil/estimacion-del-tiempo-adecuado-de-curado-de-la-emulsion-asfaltica-crs-1-para-iniciar-el-proceso-de-pavimentacion-de-sobrecapas-asfalticas-en-costa-rica/ | ||
| 942 | |c CEDI |h TFG 8558 |2 ddc |6 TFG_8558_000000000000000 | ||
| 999 | |c 21909 |d 21909 | ||
